000 00717cab a2200241 4500
001 WB3212-02
008 090401t1996 xxu||||| |||| 00| 0 eng d
035 _a(Sirsi) u56501
041 _aeng
100 _aBingham, T.
245 _aKnowles fights on for `lawyer` role
260 _c1996
350 _a0
490 _aBuilding
_v261(7933) 22 March 1996, 12,28-29(2)
520 _aGives background to the failed application by the Institute of Commercial Litigators for rights to engage in litigation.
650 _aCLAIMS CONSULTANTS
650 _aINSTITUTE OF COMMERCIAL LITIGATORS
650 _aJAMES R KNOWLES
690 _aBUILT ENVIRONMENT
690 _aLAW
942 _n0
948 _c04/03/1997
999 _c34462
_d34462